<?xml version="1.0" encoding="UTF-8"?>
<record
    xmlns:xsi="http://www.w3.org/2001/XMLSchema-instance"
    xsi:schemaLocation="http://www.loc.gov/MARC21/slim http://www.loc.gov/standards/marcxml/schema/MARC21slim.xsd"
    xmlns="http://www.loc.gov/MARC21/slim">

  <leader>05695nam a22002777a 4500</leader>
  <controlfield tag="003">DO-SdBNP</controlfield>
  <controlfield tag="005">20211123103722.0</controlfield>
  <controlfield tag="007">ta</controlfield>
  <controlfield tag="008">210415e2020    dr abc|fr|||| 001 0dspa d</controlfield>
  <datafield tag="020" ind1=" " ind2=" ">
    <subfield code="a">9789945926217</subfield>
  </datafield>
  <datafield tag="040" ind1=" " ind2=" ">
    <subfield code="a">DO-SdBNP</subfield>
    <subfield code="b">spa</subfield>
    <subfield code="c">BPMSU </subfield>
  </datafield>
  <datafield tag="041" ind1=" " ind2=" ">
    <subfield code="h"> </subfield>
  </datafield>
  <datafield tag="082" ind1=" " ind2=" ">
    <subfield code="a">618.92</subfield>
    <subfield code="b">M863c 2020</subfield>
    <subfield code="2">22</subfield>
  </datafield>
  <datafield tag="100" ind1="1" ind2=" ">
    <subfield code="a">Morla B&#xE1;ez , Elbi</subfield>
  </datafield>
  <datafield tag="245" ind1="1" ind2="0">
    <subfield code="a">Crecimiento y desarrollo :</subfield>
    <subfield code="b">desde la concepci&#xF3;n hasta la adolescencia /</subfield>
    <subfield code="c">Elbi Morla , B&#xE1;ez ; pr&#xF3;logo Hayde&#xE9; Rond&#xF3;n ,  </subfield>
  </datafield>
  <datafield tag="260" ind1=" " ind2=" ">
    <subfield code="a">Santo Domingo :</subfield>
    <subfield code="b">(INTEC) ,</subfield>
    <subfield code="c">2020</subfield>
  </datafield>
  <datafield tag="300" ind1=" " ind2=" ">
    <subfield code="a">vii , 133 p. ;</subfield>
    <subfield code="c">23 cm.</subfield>
    <subfield code="b"> </subfield>
  </datafield>
  <datafield tag="505" ind1="0" ind2=" ">
    <subfield code="a"> GENERALIDADES SOBRE CRECIMIENTO Y DESARROLLO 13 -- Crecimiento 13 -- Desarrollo 14 -- Maduraci&#xF3;n 14 --Crecimiento y desarrollo como procesos simult&#xE1;neos. Sus disociaciones 15 -- Medici&#xF3;n del crecimiento y desarrollo 17 --Crecimiento y riesgos para la salud 17 -- CAP&#xCD;TULO 2 FACTORES QUE INFLUYEN EN EL CRECIMIENTO Y DESARROLLO 19 -- Gen&#xE9;tica: el factor determinante 20 -- Influencia endocrina 24 -- Hormona del crecimiento 25 -- Insulina 25 -- Hormonas tiroideas 25 -- Hormonas sexuales 26 --Paratohormona, Calcitonina y Vitamina D 26 -- Hormona antidiur&#xE9;tica 26 -- Glucocorticoides y mineralocorticoides 26 -- Factor metab&#xF3;lico 27 -- Influencia del ambiente en el crecimiento y desarrollo 29 -- Factores nutricionales 29 -- Ambiente f&#xED;sico 29 -- Ambiente psicoafectivo 30 -- Factores socioecon&#xF3;micos y culturales 30 -- El clima 31 -- CAP&#xCD;TULO 3 LA NUTRICI&#xD3;N EN El CRECIMIENTO Y DESARROLLO 33 -- Tipos de nutrientes 33 -- Requerimientos y recomendaciones 34 -- Requerimientos h&#xED;dricos 34 -- Los carbohidratos 34 -- Funci&#xF3;n de las prote&#xED;nas 35 -- Las grasas 36 -- Los nucle&#xF3;tidos 36 -- Los minerales 37 -- Los oligoelementos 37 -- Las vitaminas 38 -- La leche materna 38 -- La OMS y el UNICEF recomiendan: 38 -- La nutrici&#xF3;n fetal 40 -- La nutrici&#xF3;n en los primeros dos a&#xF1;os de vida 41 -- La nutrici&#xF3;n en el preescolar y el escolar 42 -- La nutrici&#xF3;n en la adolescencia 43 -- La nutrici&#xF3;n en situaciones especiales 43 -- Nutrici&#xF3;n y per&#xED;odos de riesgo 44 -- Nutrici&#xF3;n y sistema nervioso central 45 -- Gu&#xED;a para la alimentaci&#xF3;n de 0-5 a&#xF1;os 46 --PER&#xCD;ODOS DE CRECIMIENTO 49 -- Crecimiento prenatal 49 -- Per&#xED;odo fetal 51 -- Factores de riesgos que interfieren con el crecimiento y desarrollo in &#xFA;tero. 52 -- Factores preconcepcionales: 52 -- Factores concepcionales 53 -- Peque&#xF1;o para la edad gestacional 54 -- Crecimiento futuro del ni&#xF1;o con RCIU 54 -- RCIU y morbilidad 55 -- Causas de RCIU 55 -- Reci&#xE9;n nacido a t&#xE9;rmino, pret&#xE9;rmino y post&#xE9;rmino 56 -- El crecimiento postnatal 60 --Tendencia secular del crecimiento 61 -- EVALUACI&#xD3;N DEL CRECIMIENTO Y DESARROLLO FETAL 63 -- M&#xE9;todos cl&#xED;nicos 63 -- Ultrasonido 65 -- Pruebas de madurez fetal pulmonar &#xED;ndice de lecitina/esfingomielina 66 -- Determinaci&#xF3;n de fosfatidilglicerol 66 -- Prueba TDX-FLM (Relaci&#xF3;n Surfactante/Albumina) 67 -- Recuento de cuerpos lamelares 67 -- Test de Clements 67 -- Recomendaciones 68 -- VARIABLES ANTROPOM&#xC9;TRICAS DE M&#xC1;S UTILIDAD EN PEDIATR&#xCD;A 69 -- El Peso Corporal 70 -- La estatura 71 -- Relaci&#xF3;n Peso/Talla 73 -- Predicci&#xF3;n de la Talla 74 -- Estatura final esperada seg&#xFA;n f&#xF3;rmula de Tanner 75 -- Estatura final seg&#xFA;n el M&#xE9;todo de Baylee-Pinneau -- 75 La circunferencia cef&#xE1;lica 75 -- Otras dimensiones antropom&#xE9;tricas 77 -- Dimensiones antropom&#xE9;tricas y el sexo 78 -- CURVAS DE CRECIMIENTO 81 -- La curva normal 81 -- Desviaciones est&#xE1;ndares y percentiles 82 -- Canales de crecimiento 83 -- Curvas de crecimiento 84 -- Patrones de referencia 85 -- El ni&#xF1;o que crece bien o mal 86 -- Observando el crecimiento de la cabeza 86 -- DESARROLLO PSICOMOTOR 89 -- Desarrollo psicomotor de tres a seis meses de edad 90 -- Desarrollo psicomotor de 9 a 12 meses de edad 91 -- El desarrollo psicomotor a los 3 a&#xF1;os. 94 -- El desarrollo psicomotor a los 4 a&#xF1;os 95 -- Evaluaci&#xF3;n del desarrollo psicomotor 96 -- DESARROLLO DENTAL 97 -- Los dientes 98 -- Clasificaci&#xF3;n de los dientes 99 -- Tejidos dentarios 100 -- Importancia de los dientes 101 -- Edad dental 101 -- Salud dental 101 -- Prevenci&#xF3;n de la caries dental 102 -- LA MADURACI&#xD3;N ESQUEL&#xC9;TICA O EDAD &#xD3;SEA 105 --Factores que intervienen en la maduraci&#xF3;n esquel&#xE9;tica 105 -- &#xBF;C&#xF3;mo se determina la edad &#xF3;sea? 106 -- M&#xE9;todo de Tanner-Whitehouse 106 -- M&#xE9;todo de Greulich y Pyle 106 -- Variaciones normales de la edad &#xF3;sea 108 -- Edad &#xF3;sea anormal 109 -- DESARROLLO SEXUAL 111 -- Primera etapa del desarrollo sexual: formaci&#xF3;n de los genitales internos y externos 112 -- Segunda etapa del desarrollo sexual: identificaci&#xF3;n sexual 114 -- Preparaci&#xF3;n para la pubertad 115 -- La pubertad 116 -- Las menstruaciones de las adolescentes 117 -- El orquid&#xF3;metro para la evaluaci&#xF3;n testicular 117 -- LA ADOLESCENCIA 119 -- Cambios f&#xED;sicos que experimentan los adolescentes 120 --Tambi&#xE9;n durante la adolescencia se experimentan cambios psicol&#xF3;gicos 121 -- ACTIVIDAD DE UNA CL&#xCD;NICA DEL CRECIMIENTO Y DESARROLLO 129 -- Evaluaci&#xF3;n del progreso del crecimiento 130 -- Examen f&#xED;sico general 130 -- Evaluaci&#xF3;n del desarrollo psicomotor 130 -- Discutir el plan de alimentaci&#xF3;n 130 -- Inmunizaciones 131 -- Medidas higi&#xE9;nicas o preventivas en salud 131 -- Integrar a la madre al uso apropiado de la tarjeta de salud del ni&#xF1;o 132 -- Satisfacer todas las dudas y cuestionamientos de las madres 132 -- Investigaci&#xF3;n 132 -- Integraci&#xF3;n de la comunidad 132</subfield>
  </datafield>
  <datafield tag="590" ind1=" " ind2=" ">
    <subfield code="6">Inventariado, 2021/VM</subfield>
  </datafield>
  <datafield tag="650" ind1=" " ind2="4">
    <subfield code="a">Endocrinolog&#xED;a pedi&#xE1;trica</subfield>
    <subfield code="2"> </subfield>
  </datafield>
  <datafield tag="650" ind1=" " ind2="4">
    <subfield code="a">Desarrollo infantil </subfield>
  </datafield>
  <datafield tag="700" ind1="1" ind2=" ">
    <subfield code="a">Rond&#xF3;n , Hayde&#xE9; ,</subfield>
    <subfield code="e"> pr&#xF3;l. </subfield>
  </datafield>
  <datafield tag="710" ind1="2" ind2=" ">
    <subfield code="a">Instituto Tecnol&#xF3;gico de Santo Domingo </subfield>
  </datafield>
  <datafield tag="910" ind1=" " ind2=" ">
    <subfield code="a">VMateo V.</subfield>
  </datafield>
  <datafield tag="942" ind1=" " ind2=" ">
    <subfield code="2">ddc</subfield>
    <subfield code="c">BK</subfield>
  </datafield>
  <datafield tag="952" ind1=" " ind2=" ">
    <subfield code="0">0</subfield>
    <subfield code="1">0</subfield>
    <subfield code="2">ddc</subfield>
    <subfield code="4">0</subfield>
    <subfield code="7">0</subfield>
    <subfield code="8">CD</subfield>
    <subfield code="a">BPMET</subfield>
    <subfield code="b">BPMET</subfield>
    <subfield code="d">2021-11-23</subfield>
    <subfield code="e">INTEC</subfield>
    <subfield code="o">BPMSU CD 618.92 M863c 2020</subfield>
    <subfield code="p">BPMSU21110110</subfield>
    <subfield code="r">2021-11-23</subfield>
    <subfield code="w">2021-11-23</subfield>
    <subfield code="y">BK</subfield>
  </datafield>
  <datafield tag="952" ind1=" " ind2=" ">
    <subfield code="0">0</subfield>
    <subfield code="1">0</subfield>
    <subfield code="2">ddc</subfield>
    <subfield code="4">0</subfield>
    <subfield code="7">0</subfield>
    <subfield code="8">CD</subfield>
    <subfield code="a">BPMET</subfield>
    <subfield code="b">BPMET</subfield>
    <subfield code="d">2021-11-23</subfield>
    <subfield code="e">INTEC</subfield>
    <subfield code="l">0</subfield>
    <subfield code="o">BPMSU CD 618.92 M863c 2020</subfield>
    <subfield code="p">BPMSU22090001</subfield>
    <subfield code="r">2022-09-01</subfield>
    <subfield code="t">e.2</subfield>
    <subfield code="w">2021-11-23</subfield>
    <subfield code="y">BK</subfield>
  </datafield>
  <datafield tag="999" ind1=" " ind2=" ">
    <subfield code="c">13891</subfield>
    <subfield code="d">13891</subfield>
  </datafield>
</record>
